000 01186nam0a22002651 4500
001 rc\558158
005 20030616170406.2
035 _a(NLR Aleph) 005793540
090 _a5222020
_c5222020
100 _a20030616d1988 u |0rusy50 ca
101 0 _arus
102 _aRU
105 _ay |||||||||
200 1 _aКаталог библиотеки В.Ф. Одоевского
_f[Составители С.И. Ковригина и др.
_gОтв. ред.: к. филол. н. С.А. Колесник]
210 _aМ.
_cГБЛ
_d1988
215 _a490, [2] с.
_d22
225 1 _aЧастные собрания в фондах Государственной библиотеки СССР им. В.И. Ленина
_eКаталоги
_f...Отд. хранения основных фондов
600 1 _aОдоевский
_bВ.Ф.
_gВладимир Федорович
_2psbo
702 1 _aКовригина
_bС. И.
_4220
712 0 2 _aГосударственная б-ка СССР им. В.И.Ленина
_bОтдел хранения
_3RU\NLR\AUTH\889959505
801 0 _aRU
_bNLR
_gpsbo
801 1 _aRU
_bELAR
_2rusmarc
852 _aNLR
_bС
_jК-2/4430
942 _cBOOK
980 _aNB